[Event "XII Open Primavera"]
[Site "Robecchetto con Induno ITA"]
[Date "2015.04.02"]
[Round "1"]
[White "Bianchi, Alberto"]
[Black "Pizzolato, Roberto"]
[WhiteElo "1888"]
[BlackElo "1749"]
[Result "0-1"]
[PlyCount "110"]
[EventDate "2015.04.02"]

1. Nf3 d5 2. g3 Nf6 3. d4 c6 4. Bg2 Bf5 5. O-O e6 6. Nbd2 Bd6 7. Re1 Ne4 8. Nh4
Bg6 9. Nxg6 hxg6 10. Nxe4 dxe4 11. Bxe4 Nd7 12. Bg2 g5 13. e4 e5 14. c3 Qe7 15.
Qg4 f6 16. Be3 Kf7 17. c4 Rh7 18. c5 Bc7 19. d5 cxd5 20. exd5 Nxc5 21. Bxc5
Qxc5 22. Qe6+ Kf8 23. Rac1 Qd6 24. Qf5 Rh6 25. Rc4 Bb6 26. Rc8+ Rxc8 27. Qxc8+
Qd8 28. Qxb7 f5 29. Rc1 Qe7 30. Qc8+ Kf7 31. Qc4 Rd6 32. b4 e4 33. Kh1 Bxf2 34.
Rc2 e3 35. Qd3 Qe5 36. Bf3 Rh6 37. h4 Bxg3 38. d6 Rxh4+ 39. Kg1 Qa1+ 40. Qd1
Qxd1+ 41. Bxd1 Bxd6 42. b5 Rb4 43. Be2 f4 44. Kg2 Rd4 45. Bc4+ Kf6 46. Kf3 Rd2
47. Rc1 Kf5 48. Be6+ Kxe6 49. Ke4 Rxa2 50. Rc8 Ra4+ 51. Kf3 Kf5 52. Ke2 g4 53.
Rc6 Rd4 54. b6 axb6 55. Rxb6 Ke4 0-1

[Event "XII Open Primavera"]
[Site "Robecchetto con Induno ITA"]
[Date "2015.04.04"]
[Round "1"]
[White "Cecchini, Massimo S."]
[Black "Zanin, Fabio"]
[WhiteElo "1757"]
[BlackElo "1656"]
[Result "0-1"]
[PlyCount "56"]
[EventDate "2015.04.02"]

1. d4 f5 2. Nf3 Nf6 3. Bg5 e6 4. e3 Be7 5. Nbd2 O-O 6. c4 b6 7. Be2 Bb7 8. O-O
h6 9. Bxf6 Bxf6 10. Ne5 c5 11. Bf3 d5 12. Re1 Bxe5 13. dxe5 Nc6 14. g3 Nxe5 15.
Bg2 Nd3 16. Re2 e5 17. f4 e4 18. cxd5 Bxd5 19. b3 b5 20. Qc2 Qf6 21. Rd1 Rac8
22. Bf1 c4 23. bxc4 bxc4 24. Rb1 Rfd8 25. Qa4 c3 26. Nb3 c2 27. Ra1 Bxb3 28.
axb3 Qxa1 0-1

[Event "XII Open Primavera"]
[Site "Robecchetto con Induno ITA"]
[Date "2015.04.02"]
[Round "1"]
[White "Cunati, Valerio"]
[Black "Aspesi, Davide"]
[WhiteElo "1699"]
[BlackElo "1817"]
[Result "1-0"]
[PlyCount "89"]
[EventDate "2015.04.02"]

1. d4 d5 2. Nf3 Nc6 3. c4 e6 4. Nc3 Nf6 5. Bg5 Be7 6. e3 O-O 7. Bd3 h6 8. Bh4
b6 9. O-O Bb7 10. Bxf6 Bxf6 11. cxd5 exd5 12. Rc1 a6 13. Bb1 Ne7 14. h4 Bc8 15.
e4 Bg4 16. g3 Ng6 17. e5 Bxh4 18. Qd3 Bg5 19. Nxg5 hxg5 20. Kg2 f5 21. Rh1 c5
22. f3 cxd4 23. Qxd4 Bxf3+ 24. Kxf3 g4+ 25. Kg2 Ne7 26. Rh5 g6 27. Rh6 Nc6 28.
Qxd5+ Qxd5+ 29. Nxd5 Nxe5 30. Rc7 Rf7 31. Rxf7 Kxf7 32. Rh7+ Kg8 33. Nf6+ Kf8
34. Rh8+ Ke7 35. Rxa8 Kxf6 36. Rxa6 Nc4 37. b3 Ne3+ 38. Kf2 Nd5 39. a4 Ke5 40.
a5 bxa5 41. Rxa5 Kd4 42. Ra6 Kc3 43. Rxg6 Kxb3 44. Bxf5 Ne7 45. Be6+ 1-0

[Event "XII Open Primavera"]
[Site "Robecchetto con Induno ITA"]
[Date "2015.04.02"]
[Round "1"]
[White "Libutti, Michele"]
[Black "Barrera, Pietro"]
[WhiteElo "1747"]
[BlackElo "1830"]
[Result "1/2-1/2"]
[PlyCount "39"]
[EventDate "2015.04.02"]

1. d4 d5 2. c4 e6 3. Nc3 Nf6 4. Bg5 Be7 5. e3 O-O 6. Nf3 c6 7. Bd3 h6 8. Bh4 a5
9. O-O Na6 10. a3 Bd7 11. Qe2 Nc7 12. e4 Nxe4 13. Bxe7 Nxc3 14. Qe5 Qxe7 15.
Qxc7 dxc4 16. Bxc4 Rfc8 17. Qxb7 Rcb8 18. Qc7 Rc8 19. Qb7 Rab8 20. Qa7 1/2-1/2

[Event "XII Open Primavera"]
[Site "Robecchetto con Induno ITA"]
[Date "2015.04.02"]
[Round "1"]
[White "Moroni, Luca"]
[Black "Ongaro, Andrea"]
[WhiteElo "1824"]
[BlackElo "1708"]
[Result "1/2-1/2"]
[PlyCount "68"]
[EventDate "2015.04.02"]

1. d4 Nf6 2. Nf3 d5 3. Bf4 Bf5 4. Nc3 e6 5. e3 c6 6. Be2 Bb4 7. O-O h6 8. Bd3
Bxd3 9. Qxd3 Nh5 10. Be5 Nd7 11. a3 Be7 12. h3 Nxe5 13. Nxe5 O-O 14. Qe2 Nf6
15. e4 dxe4 16. Rad1 Qc7 17. Nxe4 Rfd8 18. c4 Nxe4 19. Qxe4 Bf6 20. Ng4 Bg5 21.
Ne5 Bf6 22. f4 Bxe5 23. Qxe5 Qxe5 24. dxe5 Kf8 25. Kf2 c5 26. Ke3 Ke7 27. Ke4
Rxd1 28. Rxd1 Rd8 29. Rxd8 Kxd8 30. g4 a5 31. b3 Kd7 32. h4 Kc6 33. a4 Kd7 34.
h5 Ke7 1/2-1/2

[Event "XII Open Primavera"]
[Site "Robecchetto con Induno ITA"]
[Date "2015.04.02"]
[Round "1"]
[White "Pappalardo, Antonio"]
[Black "Mereghetti, Marco"]
[WhiteElo "1659"]
[BlackElo "1762"]
[Result "1/2-1/2"]
[PlyCount "116"]
[EventDate "2015.04.02"]

1. d4 Nf6 2. e3 g6 3. Bd3 Bg7 4. Nd2 d5 5. f4 c5 6. c3 cxd4 7. exd4 Qc7 8. Qf3
Nc6 9. h3 e6 10. Nb3 Nd7 11. Be3 a6 12. Ne2 O-O 13. g4 b5 14. Rc1 Na5 15. Nxa5
Qxa5 16. a3 Nf6 17. Ng3 Bd7 18. O-O Qd8 19. Rc2 Ne8 20. Rh2 Nd6 21. h4 Nc4 22.
Bc1 Qb6 23. h5 e5 24. hxg6 e4 25. Nxe4 dxe4 26. Bxe4 Rae8 27. gxf7+ Rxf7 28.
Bxh7+ Kf8 29. Re2 Rxe2 30. Qxe2 Bxd4+ 31. cxd4 Qxd4+ 32. Qf2 Qxf2+ 33. Rxf2
Rxh7 34. f5 Ne5 35. g5 Nd3 36. g6 Rh5 37. Rc2 Nxc1 38. Rxc1 Rxf5 39. Rc7 Ke7
40. Ra7 Rg5+ 41. Kf2 Rxg6 42. Ke3 Rd6 43. Ke4 Ke6 44. Ke3 Kd5 45. Rc7 Bf5 46.
Rf7 Bg6 47. Rg7 Kc4 48. a4 b4 49. Rb7 a5 50. Rb5 Rd5 51. b3+ Kxb3 52. Rxd5 Kxa4
53. Kd2 Bf7 54. Rf5 Bc4 55. Kc2 Bb3+ 56. Kb2 Be6 57. Re5 Bc4 58. Rc5 Bf7
1/2-1/2

[Event "XII Open Primavera"]
[Site "Robecchetto con Induno ITA"]
[Date "2015.04.02"]
[Round "1"]
[White "Puricelli, Roberto"]
[Black "Rossi, Emanuele"]
[WhiteElo "1521"]
[BlackElo "1630"]
[Result "0-1"]
[PlyCount "100"]
[EventDate "2015.04.02"]

1. e4 c5 2. Nf3 Nc6 3. d4 cxd4 4. Nxd4 e6 5. Nxc6 bxc6 6. Nc3 Bc5 7. Bd3 d5 8.
exd5 cxd5 9. O-O Nf6 10. Bg5 h6 11. Bb5+ Bd7 12. Bxd7+ Qxd7 13. Bxf6 gxf6 14.
Qf3 Ke7 15. Rfe1 Rad8 16. Rad1 Kf8 17. Qxf6 Rh7 18. Qf3 Bd6 19. Kh1 Rc8 20. h3
Rc4 21. Qd3 Rg7 22. b3 Rf4 23. f3 Rh4 24. Qf1 Qd8 25. Nb5 Bf4 26. Nd4 Qf6 27.
c4 e5 28. Ne2 d4 29. Nxf4 Rxf4 30. Re4 Rg5 31. Rxf4 Qxf4 32. Qd3 Qg3 33. Qf1 f5
34. c5 Rg6 35. f4 e4 36. Rxd4 e3 37. Rd1 Re6 38. Qe2 Qf2 39. Re1 Qxf4 40. Rf1
Qe4 41. Rd1 Ke7 42. a3 f4 43. b4 Rg6 44. Kh2 Rg3 45. Rf1 Qe5 46. Kh1 h5 47. c6
h4 48. b5 Qe4 49. Kh2 f3 50. gxf3 Qf4 0-1

[Event "XII Open Primavera"]
[Site "Robecchetto con Induno ITA"]
[Date "2015.04.02"]
[Round "1"]
[White "Ragoso, Mario"]
[Black "Frignani, Alessandro"]
[WhiteElo "1628"]
[BlackElo "1394"]
[Result "0-1"]
[PlyCount "102"]
[EventDate "2015.04.02"]

1. e4 e5 2. Nf3 Qf6 3. Bc4 d6 4. h3 h6 5. Nc3 c6 6. d3 Be7 7. Be3 Nd7 8. Qd2
Nb6 9. Bb3 Bd8 10. O-O-O Be6 11. d4 Bxb3 12. dxe5 Nc4 13. exf6 Nxd2 14. fxg7
Rh7 15. axb3 Nxf3 16. gxf3 Be7 17. Rhg1 f6 18. Bf4 Rd8 19. Rg6 Kf7 20. Rdg1 Rd7
21. h4 h5 22. b4 Bd8 23. b5 Bb6 24. bxc6 bxc6 25. Be3 Ba5 26. Ne2 a6 27. Nd4
Rc7 28. Nf5 Ke6 29. Nh6 Rc8 30. Nxg8 Rxg8 31. Bd4 Bd8 32. f4 c5 33. Bc3 Kf7 34.
e5 Rhxg7 35. Rxg7+ Rxg7 36. Rxg7+ Kxg7 37. e6 Kg6 38. Kd2 f5 39. Kd3 Bxh4 40.
Ke3 Bf6 41. Bxf6 Kxf6 42. Kf3 h4 43. Kg2 Kxe6 44. Kh3 Kd5 45. Kxh4 Ke4 46. Kg5
d5 47. f3+ Kxf3 48. Kxf5 d4 49. Ke5 Ke3 50. f5 c4 51. Kd5 d3 0-1

[Event "XII Open Primavera"]
[Site "Robecchetto con Induno ITA"]
[Date "2015.04.02"]
[Round "1"]
[White "Rancati, David"]
[Black "Nava, Mario"]
[WhiteElo "1577"]
[BlackElo "1296"]
[Result "1-0"]
[PlyCount "81"]
[EventDate "2015.04.02"]

1. d4 Nf6 2. Nf3 g6 3. e3 Bg7 4. Bd3 d6 5. c3 Nc6 6. e4 Bg4 7. Nbd2 O-O 8. Qc2
e5 9. d5 Ne7 10. Qb3 Rb8 11. h3 Bxf3 12. Nxf3 c6 13. c4 cxd5 14. cxd5 a6 15.
O-O Re8 16. Be3 b5 17. Rfc1 Nexd5 18. exd5 e4 19. Nd4 Qd7 20. Be2 Qb7 21. Rc6
Red8 22. Rac1 Rbc8 23. a4 Rb8 24. axb5 axb5 25. Bxb5 Ne8 26. Bc4 Qxb3 27. Nxb3
Bxb2 28. Rc2 Bg7 29. Nd4 Rb1+ 30. Bf1 Be5 31. Rc8 Rb8 32. Rxb8 Rxb8 33. Nc6 Rb7
34. Nxe5 dxe5 35. Rc8 Kf8 36. d6 f5 37. Bh6+ Kf7 38. Bc4+ Kf6 39. Rxe8 Rb1+ 40.
Kh2 g5 41. d7 1-0

[Event "XII Open Primavera"]
[Site "Robecchetto con Induno ITA"]
[Date "2015.04.02"]
[Round "1"]
[White "Rutigliano, Cesare"]
[Black "Giusti, Francesco"]
[WhiteElo "1639"]
[BlackElo "1574"]
[Result "1-0"]
[PlyCount "57"]
[EventDate "2015.04.02"]

1. e4 e5 2. d4 exd4 3. Qxd4 Nc6 4. Qe3 g6 5. Nc3 Bh6 6. f4 Bg7 7. Bd2 Nb4 8.
O-O-O c6 9. e5 Ne7 10. Ne4 Nbd5 11. Nd6+ Kf8 12. Qb3 b5 13. g4 a5 14. Nh3 h6
15. Re1 a4 16. Qf3 Qb6 17. f5 f6 18. fxg6 b4 19. exf6 Bxf6 20. Ne4 Ng8 21. Nxf6
Ngxf6 22. Bc4 Qd4 23. Bxd5 cxd5 24. Bxb4+ Kg7 25. Bc3 Qb6 26. Nf4 Rf8 27. Qxd5
Bb7 28. Re7+ Kh8 29. g7+ 1-0

[Event "XII Open Primavera"]
[Site "Robecchetto con Induno ITA"]
[Date "2015.04.02"]
[Round "1"]
[White "Sartorio, Alessandro"]
[Black "Santarelli, Sabatino"]
[WhiteElo "1361"]
[BlackElo "1614"]
[Result "0-1"]
[PlyCount "70"]
[EventDate "2015.04.02"]

1. e4 c5 2. c4 Nc6 3. Nc3 g6 4. Nf3 Bg7 5. Be2 d6 6. O-O Nf6 7. d4 cxd4 8. Nxd4
O-O 9. Bf4 a6 10. Nxc6 bxc6 11. Bf3 Bb7 12. b4 Nd7 13. Qd2 Re8 14. Rfe1 c5 15.
bxc5 Nxc5 16. Nd5 Bxa1 17. Rxa1 Ne6 18. Bh6 Rc8 19. Qc3 f6 20. Bg4 Bxd5 21.
exd5 Nc7 22. Bxc8 Qxc8 23. h3 Nxd5 24. Qd4 Nc7 25. c5 dxc5 26. Qc4+ Qe6 27.
Qxc5 Nb5 28. Qb4 Qf7 29. Re1 Qxa2 30. Kf1 Nd6 31. Bf4 Qc4+ 32. Qxc4+ Nxc4 33.
Rc1 Rc8 34. Rb1 e5 35. Bg3 Nd2+ 0-1

[Event "XII Open Primavera"]
[Site "Robecchetto con Induno ITA"]
[Date "2015.04.02"]
[Round "1"]
[White "Vada, Riccardo"]
[Black "Macchiettini, Pierangelo"]
[WhiteElo "1797"]
[BlackElo "1674"]
[Result "1-0"]
[PlyCount "61"]
[EventDate "2015.04.02"]

1. e4 c5 2. Nf3 d6 3. Nc3 Nf6 4. d4 cxd4 5. Nxd4 a6 6. Bd3 e6 7. Be3 Nbd7 8.
O-O Be7 9. a4 h6 10. a5 Qc7 11. f4 Nc5 12. h3 e5 13. fxe5 dxe5 14. Nf5 Bxf5 15.
Rxf5 Ncd7 16. Qe2 Bb4 17. Nd5 Nxd5 18. exd5 Bxa5 19. d6 Qd8 20. Bc4 O-O 21.
Raf1 Bb6 22. Rxf7 Bxe3+ 23. Qxe3 Rxf7 24. Rxf7 Kh8 25. Qg3 g5 26. h4 Qb6+ 27.
Kh2 Qxd6 28. hxg5 Rf8 29. g6 Rxf7 30. gxf7 Nf6 31. Qg8+ 1-0

[Event "XII Open Primavera"]
[Site "Robecchetto con Induno ITA"]
[Date "2015.04.09"]
[Round "2"]
[White "Aspesi, Davide"]
[Black "Rutigliano, Cesare"]
[WhiteElo "1817"]
[BlackElo "1639"]
[Result "1/2-1/2"]
[PlyCount "50"]
[EventDate "2015.04.02"]

1. d4 Nf6 2. c4 c5 3. e3 cxd4 4. exd4 Nc6 5. Nf3 d6 6. Nc3 Bg4 7. Be2 g6 8. h3
Bf5 9. a3 Bg7 10. b4 Rc8 11. d5 Nxd5 12. cxd5 Bxc3+ 13. Bd2 Bxd2+ 14. Qxd2 Nb8
15. O-O O-O 16. Qh6 f6 17. g4 Be4 18. Nd4 Bxd5 19. Bd3 Qe8 20. Rfe1 e5 21. Nb5
Rd8 22. Nc7 Qf7 23. Nxd5 Qxd5 24. Bxg6 hxg6 25. Qxg6+ Kh8 1/2-1/2

[Event "XII Open Primavera"]
[Site "Robecchetto con Induno ITA"]
[Date "2015.04.09"]
[Round "2"]
[White "Barrera, Pietro"]
[Black "Pappalardo, Antonio"]
[WhiteElo "1830"]
[BlackElo "1659"]
[Result "1-0"]
[PlyCount "59"]
[EventDate "2015.04.02"]

1. e4 c5 2. Nc3 g6 3. f4 Bg7 4. Nf3 Nc6 5. Bb5 e6 6. Bxc6 bxc6 7. O-O d5 8. d3
Ne7 9. Qe1 f5 10. Ne5 Ba6 11. Rf3 Qd6 12. Kh1 Bxe5 13. fxe5 Qxe5 14. Bf4 Qf6
15. exd5 O-O 16. dxe6 Nd5 17. Nxd5 cxd5 18. c3 Rfe8 19. Re3 Rac8 20. d4 cxd4
21. cxd4 Rc6 22. e7 Rb6 23. Rc1 Rb7 24. Bc7 Qxd4 25. Re6 Qxb2 26. Rxg6+ hxg6
27. Qe6+ Kh7 28. Qf7+ Kh6 29. Bf4+ g5 30. Rc6+ 1-0

[Event "XII Open Primavera"]
[Site "Robecchetto con Induno ITA"]
[Date "2015.04.09"]
[Round "2"]
[White "Frignani, Alessandro"]
[Black "Fortes Serra, Jordi"]
[WhiteElo "1394"]
[BlackElo "1478"]
[Result "0-1"]
[PlyCount "146"]
[EventDate "2015.04.02"]

1. e4 c5 2. f4 d6 3. Nf3 Nc6 4. h3 g6 5. c3 Bg7 6. Bb5 Bd7 7. d3 Nf6 8. Nbd2
O-O 9. g4 a6 10. Ba4 b5 11. Bc2 e6 12. Qe2 Ne8 13. Nb3 f5 14. g5 e5 15. Qh2 c4
16. dxc4 bxc4 17. Nbd2 fxe4 18. Bxe4 Rxf4 19. Bd5+ Kh8 20. Nxc4 Rf8 21. Be3 Rc8
22. O-O-O Ne7 23. Nb6 Nxd5 24. Rxd5 Be6 25. Nd2 Bxd5 26. Nxd5 Qa5 27. Kb1 Qxd5
28. h4 Rf7 29. Qh3 Rcc7 30. h5 Qd3+ 31. Ka1 Qf5 32. Qh2 Bf8 33. a3 Kg8 34. Rf1
Qe6 35. Rg1 gxh5 36. Qxh5 Qg6 37. Qh4 Rf5 38. Qa4 d5 39. Qg4 Rcf7 40. Rg3 Nd6
41. Nf3 h5 42. Qh3 Ne4 43. Nh4 Rf1+ 44. Ka2 Qg7 45. Rg2 Be7 46. Qe6 Nxg5 47.
Qxd5 Kh7 48. Qd2 Qg8 49. b3 Qd8 50. Qc2+ e4 51. Bxg5 Qd3 52. Bxe7 Qxc2+ 53.
Rxc2 Rxe7 54. Re2 Re8 55. c4 e3 56. b4 Rf2 57. Kb3 Rxe2 58. Nf3 Rf2 59. Ne1 e2
60. Kc3 Rd8 61. b5 Rf1 62. Nc2 e1=Q+ 63. Nxe1 Rxe1 64. a4 h4 65. b6 h3 66. c5
h2 67. Kb4 h1=Q 68. Ka5 Ra1 69. Kxa6 Qf1+ 70. Kb7 Qf3+ 71. Kc7 Qd5 72. b7 Rb1
73. c6 Qd6# 0-1

[Event "XII Open Primavera"]
[Site "Robecchetto con Induno ITA"]
[Date "2015.04.09"]
[Round "2"]
[White "Garcia Rubi, Juan"]
[Black "Koureas, Panicos"]
[WhiteElo "1422"]
[BlackElo "1470"]
[Result "0-1"]
[PlyCount "104"]
[EventDate "2015.04.02"]

1. e4 e5 2. Nf3 Nc6 3. Bb5 d6 4. c3 Bd7 5. O-O Nf6 6. Re1 g6 7. d4 Bg7 8. Bg5
h6 9. Bxf6 Bxf6 10. d5 Ne7 11. Qa4 a6 12. Bxd7+ Qxd7 13. Qxd7+ Kxd7 14. Nbd2 g5
15. g4 Ng6 16. Kf1 Nf4 17. Re3 h5 18. h3 hxg4 19. hxg4 Rh1+ 20. Ng1 Rah8 21.
Ndf3 R8h3 22. a4 Ng6 23. Nxe5+ Bxe5 24. Rxh3 Rxh3 25. Nxh3 Bf6 26. Ke2 Ne5 27.
f3 c6 28. dxc6+ Kxc6 29. Rd1 Be7 30. b3 f6 31. Nf2 Bd8 32. Nd3 Ng6 33. Nb4+ Kd7
34. Nd5 Ke6 35. b4 Ne5 36. a5 Nc4 37. Rd4 Na3 38. c4 Nc2 39. Rd3 Ke5 40. Kd2
Nd4 41. Rxd4 Kxd4 42. Nb6 Bxb6 43. axb6 Kxc4 44. Ke3 Kxb4 45. Kd4 a5 46. Kd5 a4
47. Kxd6 a3 48. Kc7 a2 49. Kxb7 Kb5 50. Kc7 a1=Q 51. b7 Qa7 52. Kc8 Kc6 0-1

[Event "XII Open Primavera"]
[Site "Robecchetto con Induno ITA"]
[Date "2015.04.09"]
[Round "2"]
[White "Gbessou, Remi Stephan"]
[Black "Ragoso, Mario"]
[WhiteElo "1218"]
[BlackElo "1628"]
[Result "0-1"]
[PlyCount "60"]
[EventDate "2015.04.02"]

1. e4 e5 2. Nf3 Nc6 3. Bc4 Nf6 4. d4 exd4 5. e5 d5 6. Bb5 Bb4+ 7. c3 dxc3 8.
bxc3 O-O 9. O-O Ng4 10. Bxc6 Nxf2 11. Rxf2 Bc5 12. Nd4 bxc6 13. Be3 Qe8 14. Qh5
Ba6 15. Nd2 Bd3 16. Rd1 Bg6 17. Qg5 Rb8 18. N2b3 Bb6 19. Bf4 c5 20. Ne2 Qa4 21.
Nec1 c4 22. Be3 Bxe3 23. Qxe3 c6 24. Qd4 Rb5 25. Nc5 Rxc5 26. Rdf1 Rb5 27. e6
Rb7 28. Qc5 Qb5 29. Qd6 Qb6 30. e7 Re8 0-1

[Event "XII Open Primavera"]
[Site "Robecchetto con Induno ITA"]
[Date "2015.04.09"]
[Round "2"]
[White "Giusti, Francesco"]
[Black "Sartorio, Alessandro"]
[WhiteElo "1574"]
[BlackElo "1361"]
[Result "1-0"]
[PlyCount "97"]
[EventDate "2015.04.02"]

1. e4 e5 2. Nf3 Nc6 3. Bc4 Nf6 4. Ng5 d5 5. exd5 Na5 6. Bb5+ Bd7 7. Qe2 Nxd5 8.
Bxd7+ Qxd7 9. Qxe5+ Be7 10. Qxg7 Bf6 11. Qxf7+ Qxf7 12. Nxf7 Kxf7 13. O-O Rae8
14. Na3 Nf4 15. d3 Ne2+ 16. Kh1 Nxc1 17. Nb5 Nc6 18. Raxc1 Bxb2 19. Rb1 Bf6 20.
Nxc7 Re7 21. Nd5 Re5 22. Rxb7+ Kg6 23. Nf4+ Kh6 24. Rc7 Nd4 25. c4 Bg5 26. Nh3
Rhe8 27. f4 Bxf4 28. Nxf4 Re1 29. Kg1 Rxf1+ 30. Kxf1 Rf8 31. g3 Ne6 32. Rc6 Rf6
33. Rxe6 Kg5 34. c5 Rf8 35. d4 Kf5 36. d5 Rd8 37. d6 h5 38. c6 h4 39. c7 Rc8
40. d7 Rxc7 41. d8=Q Rc1+ 42. Re1 Rxe1+ 43. Kxe1 hxg3 44. hxg3 Kg4 45. Kf2 Kf5
46. Qd6 a5 47. Kf3 a4 48. Qe6+ Kg5 49. Qg6# 1-0

[Event "XII Open Primavera"]
[Site "Robecchetto con Induno ITA"]
[Date "2015.04.09"]
[Round "2"]
[White "Macchiettini, Pierangelo"]
[Black "Rancati, David"]
[WhiteElo "1674"]
[BlackElo "1577"]
[Result "1-0"]
[PlyCount "125"]
[EventDate "2015.04.02"]

1. d4 Nf6 2. c4 e6 3. a3 b6 4. Nf3 Bb7 5. e3 Be7 6. Nc3 O-O 7. Bd3 c6 8. e4 d6
9. O-O Nbd7 10. Bf4 Nh5 11. Be3 Nhf6 12. h3 Re8 13. e5 dxe5 14. dxe5 Nxe5 15.
Nxe5 Qc7 16. Nf3 Rad8 17. Qc2 g6 18. Rad1 Nh5 19. Bg5 Nf4 20. Bxe7 Qxe7 21. Ne2
Nxd3 22. Rxd3 c5 23. Nc3 Rxd3 24. Qxd3 Rd8 25. Qe3 f6 26. Re1 e5 27. Nh2 Rd4
28. Qe2 Ba8 29. Ng4 e4 30. Ne3 Rd6 31. Ned5 Bxd5 32. Nxd5 Qe5 33. Qxe4 Qxe4 34.
Rxe4 Kf7 35. Kf1 Rd7 36. Ke2 b5 37. b3 bxc4 38. bxc4 Rb7 39. Re3 a5 40. g4 Rb2+
41. Kf3 Rb7 42. Nc3 f5 43. Na4 Rc7 44. Re5 Rd7 45. Ke3 fxg4 46. hxg4 Rd4 47.
Rxc5 Rxg4 48. Nb2 h5 49. Rd5 Ke6 50. Kf3 Rg1 51. Rxa5 h4 52. Ra8 g5 53. Rh8 Kf5
54. Nd3 h3 55. c5 Ra1 56. c6 g4+ 57. Ke3 Rxa3 58. c7 Rc3 59. c8=Q+ Rxc8 60.
Rxc8 Kg5 61. Nf4 Kh4 62. Rh8+ Kg5 63. Nxh3+ 1-0

[Event "XII Open Primavera"]
[Site "Robecchetto con Induno ITA"]
[Date "2015.04.09"]
[Round "2"]
[White "Nava, Mario"]
[Black "Puricelli, Roberto"]
[WhiteElo "1296"]
[BlackElo "1521"]
[Result "0-1"]
[PlyCount "104"]
[EventDate "2015.04.02"]

1. Nf3 e6 2. c4 Nf6 3. Nc3 Bb4 4. a3 Bxc3 5. dxc3 b6 6. Bg5 Bb7 7. Qd3 d6 8. g3
Nbd7 9. Bxf6 Qxf6 10. Bg2 Nc5 11. Qc2 Be4 12. Qd1 O-O 13. O-O Rad8 14. b4 Nd7
15. Qd4 Bxf3 16. Bxf3 Ne5 17. Bg2 c5 18. Qd2 Nxc4 19. Qc2 h6 20. bxc5 dxc5 21.
Rad1 Rxd1 22. Rxd1 Rd8 23. Rxd8+ Qxd8 24. Qa4 Na5 25. h4 Kf8 26. Qe4 g6 27. h5
gxh5 28. Qh7 Qf6 29. Qd3 Nb3 30. a4 Qg5 31. Qd6+ Kg7 32. e3 Qf6 33. Qd7 Qxc3
34. Qxa7 Qe1+ 35. Bf1 Nd2 36. Qa6 Qxf1+ 37. Qxf1 Nxf1 38. Kxf1 Kf6 39. Ke2 Ke5
40. Kd3 Kd5 41. e4+ Kc6 42. Kc4 f5 43. exf5 exf5 44. f4 Kd6 45. Kb5 Kc7 46. Kc4
Kc6 47. Kb3 Kd5 48. Kc3 c4 49. Kb4 Kd4 50. Kb5 c3 51. Kxb6 c2 52. a5 c1=Q 0-1

[Event "XII Open Primavera"]
[Site "Robecchetto con Induno ITA"]
[Date "2015.04.09"]
[Round "2"]
[White "Novi', Giuseppe"]
[Black "Colusso, Ermes"]
[WhiteElo "1872"]
[BlackElo "1752"]
[Result "1-0"]
[PlyCount "77"]
[EventDate "2015.04.02"]

1. e4 c5 2. Nf3 d6 3. Bc4 e6 4. O-O Nc6 5. c3 g6 6. d4 cxd4 7. cxd4 Bg7 8. Be3
Nge7 9. Nc3 O-O 10. Bd3 a6 11. Rc1 Bd7 12. Bb1 Rc8 13. Qd2 Na5 14. b3 f5 15.
Bg5 Nac6 16. Rfe1 Qe8 17. Bh6 Qf7 18. Bxg7 Qxg7 19. Na4 Rcd8 20. d5 Ne5 21.
Nxe5 dxe5 22. Rc7 exd5 23. Nc5 Bc8 24. Qg5 Rf7 25. Bd3 fxe4 26. Be2 Nc6 27.
Rxc6 Rdf8 28. Rd6 Rxf2 29. Rxd5 Qf7 30. Bc4 Rc2 31. Qe3 Kg7 32. Rxe5 Qf2+ 33.
Qxf2 Rfxf2 34. Bf1 Rxa2 35. Nxe4 Rfc2 36. Re7+ Kh6 37. Nf6 Bf5 38. h4 Bd3 39.
Rxh7# 1-0

[Event "XII Open Primavera"]
[Site "Robecchetto con Induno ITA"]
[Date "2015.04.09"]
[Round "2"]
[White "Ongaro, Andrea"]
[Black "Fadali, Mustafa"]
[WhiteElo "1708"]
[BlackElo "1866"]
[Result "0-1"]
[PlyCount "68"]
[EventDate "2015.04.02"]

1. e4 c5 2. Nf3 d6 3. d4 cxd4 4. Nxd4 Nf6 5. Nc3 a6 6. f3 Nc6 7. Be3 e6 8. Qd2
Qc7 9. O-O-O Be7 10. Kb1 Bd7 11. g4 h6 12. h4 Ne5 13. g5 hxg5 14. Bxg5 b5 15.
Bd3 Nc4 16. Bxc4 bxc4 17. f4 Rb8 18. e5 dxe5 19. fxe5 Ba3 20. b3 Nh7 21. Ne4 a5
22. Nd6+ Bxd6 23. exd6 Qc5 24. Rhf1 Nxg5 25. hxg5 a4 26. Qf4 O-O 27. Rde1 axb3
28. cxb3 cxb3 29. Nxb3 Qa3 30. Rf2 Rxb3+ 31. axb3 Qxb3+ 32. Rb2 Qd3+ 33. Ka1
Ra8+ 34. Ra2 Qc3+ 0-1

[Event "XII Open Primavera"]
[Site "Robecchetto con Induno ITA"]
[Date "2015.04.09"]
[Round "2"]
[White "Pizzolato, Roberto"]
[Black "Cunati, Valerio"]
[WhiteElo "1749"]
[BlackElo "1699"]
[Result "1-0"]
[PlyCount "45"]
[EventDate "2015.04.02"]

1. e4 c5 2. c3 e6 3. Nf3 Nc6 4. d4 Nf6 5. e5 Ne4 6. Bd3 f5 7. O-O cxd4 8. cxd4
Be7 9. Re1 d5 10. exd6 Nxd6 11. Nc3 O-O 12. d5 exd5 13. Nxd5 Bf6 14. Qb3 Kh8
15. Nxf6 Qxf6 16. Bg5 Qf7 17. Qa3 Qg6 18. Be7 Nxe7 19. Rxe7 Ne4 20. Rxe4 Bd7
21. Re7 Bc6 22. Bf1 Rfd8 23. Ne5 1-0

[Event "XII Open Primavera"]
[Site "Robecchetto con Induno ITA"]
[Date "2015.04.09"]
[Round "2"]
[White "Rossi, Emanuele"]
[Black "Bianchi, Alberto"]
[WhiteElo "1630"]
[BlackElo "1888"]
[Result "0-1"]
[PlyCount "96"]
[EventDate "2015.04.02"]

1. e4 e5 2. f4 exf4 3. Nf3 g5 4. Bc4 Bg7 5. O-O h6 6. d4 d6 7. Nc3 Ne7 8. Qd3
O-O 9. Bd2 Nbc6 10. a3 Bg4 11. h3 Bxf3 12. Rxf3 Nxd4 13. Rff1 Ndc6 14. Rae1 Ne5
15. Qe2 Nxc4 16. Qxc4 Ng6 17. Qb3 Rb8 18. Ne2 Qe7 19. Nc1 Qe6 20. Bc3 Qxb3 21.
cxb3 Ne5 22. Bxe5 Bxe5 23. Nd3 Bg7 24. b4 Rfe8 25. b3 Re7 26. Kh1 Rbe8 27. Nf2
d5 28. e5 Rxe5 29. Rxe5 Rxe5 30. Nd3 Re6 31. Rf3 Re7 32. a4 f5 33. b5 c6 34.
bxc6 bxc6 35. b4 Rb7 36. Rf1 Re7 37. Rb1 Bd4 38. b5 c5 39. a5 c4 40. Nb4 c3 41.
Nc6 Re4 42. Nb4 Bc5 43. Nxd5 c2 44. Rc1 Rd4 45. Nc3 Rd2 46. a6 h5 47. g3 fxg3
48. Na4 g2+ 0-1

[Event "XII Open Primavera"]
[Site "Robecchetto con Induno ITA"]
[Date "2015.04.09"]
[Round "2"]
[White "Santarelli, Sabatino"]
[Black "Cecchini, Massimo S."]
[WhiteElo "1614"]
[BlackElo "1757"]
[Result "1/2-1/2"]
[PlyCount "146"]
[EventDate "2015.04.02"]

1. Nf3 d5 2. d4 Nf6 3. e3 Bf5 4. Nc3 c6 5. h3 h6 6. Bd3 Bxd3 7. Qxd3 Nbd7 8.
O-O e6 9. a3 Be7 10. b4 O-O 11. Rb1 b5 12. e4 dxe4 13. Nxe4 Nxe4 14. Qxe4 Rc8
15. Bb2 Nf6 16. Qe2 Qd5 17. Rfd1 Rfd8 18. Nd2 Nh5 19. Qf3 Bf6 20. c3 Be7 21.
Bc1 Nf6 22. Re1 Bd6 23. Ne4 Nxe4 24. Qxe4 Bf8 25. Rb2 Qxe4 26. Rxe4 Be7 27. f4
Bf6 28. Rbe2 Rd5 29. g4 g6 30. Kg2 Kg7 31. Kg3 Rh8 32. h4 Bd8 33. Kh3 Kf8 34.
Bd2 Bc7 35. Be1 Ke7 36. Bg3 Kd7 37. R4e3 a5 38. Ra2 Ra8 39. Ree2 Ke7 40. Kg2 h5
41. g5 Rd7 42. Kf3 Bd6 43. Bf2 Rdd8 44. Be3 Ra6 45. Bc1 Rda8 46. Rac2 axb4 47.
cxb4 Rd8 48. Bb2 Bb8 49. Ke4 Ba7 50. Red2 Rd5 51. Rc1 Bb6 52. Rxc6 Kd7 53. Rc1
Ra7 54. Rdc2 Rb7 55. Rc8 Bc7 56. Rg8 Rf5 57. Rf1 Rb6 58. Bc1 Rc6 59. Be3 Rc4
60. Ra8 Kc6 61. Rc1 Kb7 62. Re8 Kc6 63. Rxc4+ bxc4 64. a4 Kb7 65. Re7 Kc8 66.
Re8+ Bd8 67. a5 Kd7 68. Rg8 Rb5 69. Bd2 Be7 70. Ra8 Bxb4 71. Bxb4 Rxb4 72. a6
Ra4 73. a7 Ra6 1/2-1/2

[Event "XII Open Primavera"]
[Site "Robecchetto con Induno ITA"]
[Date "2015.04.09"]
[Round "2"]
[White "Serrao, Piergiorgio"]
[Black "Moroni, Luca"]
[WhiteElo "1682"]
[BlackElo "1824"]
[Result "1/2-1/2"]
[PlyCount "66"]
[EventDate "2015.04.02"]

1. d4 d6 2. c4 Nf6 3. Nc3 g6 4. e4 Bg7 5. Nf3 O-O 6. Be2 c5 7. d5 Bg4 8. O-O
Nbd7 9. h3 Bxf3 10. Bxf3 a6 11. Be3 Rb8 12. a4 Qb6 13. Qc2 Qb4 14. Na2 Qa5 15.
Bd2 Qc7 16. Nc3 Nb6 17. Be2 Nbd7 18. Bf3 Ne5 19. Be2 Ne8 20. f4 Nd7 21. Bd3
Bd4+ 22. Kh1 Ng7 23. Ne2 e5 24. Nxd4 cxd4 25. b4 exf4 26. Bxf4 Ne5 27. Rab1 Nh5
28. Bh2 Qe7 29. Qd2 Qh4 30. Be2 Ng3+ 31. Bxg3 Qxg3 32. Qxd4 Rbc8 33. c5 dxc5
1/2-1/2